| 000 | 00972nam a22003137a 4500 | ||
|---|---|---|---|
| 003 | CHAP | ||
| 005 | 20220329140851.0 | ||
| 008 | 971013s1992 r 00010 d | ||
| 010 | _a58947 | ||
| 011 | _a59919 | ||
| 035 | _a64079 | ||
| 040 | _cCHAP | ||
| 082 |
_a581.13 _bS8 |
||
| 100 | 0 | 0 |
_aStafford, Helen A. _eed. _9109383 |
| 245 | _aPhenolic metabolism in plants | ||
| 260 |
_aNew York : _bPlenum Press, _c1992 |
||
| 300 | _a411 p. | ||
| 490 |
_aRecent advances in phytochemistry _v; 26 |
||
| 590 |
_aBATCH-UPD _b10 _c20130110 _lUCH01 _h0447 |
||
| 590 |
_aBATCH-UPD _b10 _c20130110 _lUCH01 _h2203 |
||
| 590 |
_aCONVERSION _b10 _c20130109 _lUCH01 _h1332 |
||
| 650 | 1 | 4 |
_aFenoles. _940041 |
| 650 | 1 | 4 |
_aPlantas _xMetabolismo. _988858 |
| 700 | 0 |
_aIbrahim, Regai K. _eed. _957250 |
|
| 830 | 0 |
_aRecent advances in phytochemistry _v; 26 _994982 |
|
| 901 | _aBK | ||
| 942 | _cLIBRO | ||
| 949 |
_a581.13 S8 _bBC _cLIBRO _d33724000083291 _eLIBRO _gI. 180782 _h90092 _i64079 _si _t892.00 |
||
| 999 |
_c58947 _d58947 |
||